| 000 | 00403nam a2200157Ia 4500 | ||
|---|---|---|---|
| 008 | 230917s9999||||xx |||||||||||||| ||und|| | ||
| 020 | _cRS300 | ||
| 040 |
_e30888 _aMAIN |
||
| 041 | _aEnglish | ||
| 082 | _a954.01 C936C | ||
| 100 | _aArora, U P, ed. | ||
| 245 | 0 | _aCurrents in Indian history, art and archaeology | |
| 260 |
_aNew Delhi _bAnamika Publishers _c1999 |
||
| 300 | _a176 p. | ||
| 942 | _cBK | ||
| 999 |
_c103922 _d103922 |
||